New sand tax (Record no. 67414)
[ view plain ]
| 000 -LEADER | |
|---|---|
| fixed length control field | 00831cam a2200193 4500 |
| 001 - CONTROL NUMBER | |
| control field | WB3724-09 |
| 008 - FIXED-LENGTH DATA ELEMENTS--GENERAL INFORMATION | |
| fixed length control field | 000000n2001 000 0 eng u |
| 035 ## - SYSTEM CONTROL NUMBER | |
| System control number | (Sirsi) u113200 |
| 245 ## - TITLE STATEMENT | |
| Title | New sand tax |
| 260 ## - PUBLICATION, DISTRIBUTION, ETC. | |
| Date of publication, distribution, etc. | 2001 |
| 490 ## - SERIES STATEMENT | |
| Series statement | Financial Times |
| Volume/sequential designation | 18 June 2001, 3(1) |
| 520 ## - SUMMARY, ETC. | |
| Summary, etc. | A tax on sand and gravel used in concrete and road construction is due to take effect in April 2002. The British Aggregates Association warns that although the tax is set at £1.60 a tonne, in practice it could work out at £4 a tonne. Smaller quarry operators who will be the hardest hit, are still fighting its implementation. See report at: http://www.british-aggregates.com. |
| 590 ## - LOCAL NOTE (RLIN) | |
| Local note | WB |
| 650 ## - SUBJECT ADDED ENTRY--TOPICAL TERM | |
| Topical term or geographic name entry element | QUARRIES |
| 650 ## - SUBJECT ADDED ENTRY--TOPICAL TERM | |
| Topical term or geographic name entry element | AGGREGATES TAX |
| 650 ## - SUBJECT ADDED ENTRY--TOPICAL TERM | |
| Topical term or geographic name entry element | COSTS |
| 690 ## - LOCAL SUBJECT ADDED ENTRY--TOPICAL TERM (OCLC, RLIN) | |
| Topical term or geographic name as entry element | BUILT ENVIRONMENT-BUILDING MATERIALS |
| 942 ## - ADDED ENTRY ELEMENTS (KOHA) | |
| Suppress in OPAC | 0 |
| Withdrawn status | Lost status | Source of classification or shelving scheme | Damaged status | Not for loan | Home library | Current library | Shelving location | Date acquired | Total Checkouts | Full call number | Barcode | Date last seen | Copy number | Price effective from | Koha item type |
|---|---|---|---|---|---|---|---|---|---|---|---|---|---|---|---|
| Dewey Decimal Classification | London | London | News article | 20/06/2001 | WB3724-09 | 113200-1001 | 06/08/2019 | 1 | 06/08/2019 | News article |